[Event "SK Landau-Dingolfing 1-SV Deggendorf 2"]
[Site "?"]
[Date "2025.02.16"]
[Round "7.4"]
[White "Hirtreiter, Alexander"]
[Black "Bielmeier, Ludwig"]
[Result "0-1"]
[WhiteElo "1912"]
[BlackElo "2017"]
[Annotator "Stockfish 17"]
[PlyCount "112"]
[EventDate "2025.??.??"]
[WhiteTeam "SK Landau-Dingolfing 1"]
[BlackTeam "SV Deggendorf 2"]

{[%evp 9,112,-11,-9,-30,-28,-42,-40,-34,-36,-49,-19,-19,-6,-30,4,-37,-22,-51,
-54,-240,-197,-188,-140,-167,-165,-166,-167,-176,-164,-326,-321,-324,-270,-396,
-404,-409,-411,-432,-431,-432,-431,-425,-425,-428,-403,-427,-420,-475,-447,
-442,-451,-444,-441,-457,-455,-465,-454,-469,-432,-447,-383,-385,-368,-435,
-423,-465,-480,-523,-390,-422,-398,-402,-403,-466,-451,-483,-470,-546,-553,
-516,-487,-532,-469,-545,-554,-545,-535,-562,-537,-578,-574,-645,-641,-711,
-699,-775,-753,-632,-536,-666,-652,-655,-656,-611,-592]} 1. e4 c6 2. d4 d5 3.
Nc3 dxe4 4. Nxe4 Nf6 5. Ng3 c5 6. Be3 (6. Nf3 Nc6 7. Be3 Qb6 8. d5 Nb4 9. c4
$16 {Babic,D-Becker,W BL2-N 1996}) 6... cxd4 7. Qxd4 (7. Bb5+ $6 Nc6 8. Bxc6+
bxc6 9. Bxd4 (9. Qxd4 $11) 9... Qd5 10. Qd3 {Bernstein,A-Grigorjev,N Moscow
1926}) 7... Qxd4 8. Bxd4 Nc6 9. Bc3 e6 10. O-O-O Bd7 11. Bc4 Bc5 12. f3 h5 13.
N1e2 h4 $15 14. Bxf6 $2 {Weiß schätzt die Stellung völlig falsch ein} (14.
Ne4 $15 Nxe4 15. fxe4) 14... gxf6 $19 15. Ne4 Be7 (15... Be3+ $142 16. Kb1 Ke7
$19) 16. Nd6+ Bxd6 17. Rxd6 h3 (17... Ne5 $1) 18. gxh3 Ne5 19. Rd4 $2 (19. Rhd1
{war die einzige Chance.} Bc6 20. b3) 19... Nxf3 20. Rf4 Rxh3 21. Ng1 (21. Rxf6
$142 Ke7 22. Rf4) 21... Nxg1 22. Rxg1 {[#] Droht stark Tg8+.} Ke7 {und Schwarz
gewinnt} 23. Rgf1 f5 24. Re1 Kf6 25. Rf2 Rah8 26. Ree2 Rc8 27. Bb3 Rg8 28. Kd2
Bb5 29. c4 Rd8+ 30. Ke1 Bc6 31. Bc2 Rd4 32. b3 Rdh4 33. Kd2 Kg5 34. Bd3 Rd4 35.
Re3 Rdh4 36. Ree2 Rh8 37. Bc2 f4 38. Ke1 Re3 39. b4 f5 40. b5 Be8 41. Kd2 Rxe2+
{Schwarz steht klar auf Gewinn.} 42. Kxe2 {[%mdl 4096] Endspiel KTL-KTL} e5 $19
43. a4 Bh5+ 44. Ke1 Rc8 45. Bb3 Bf7 46. Rc2 f3 47. a5 Rc5 48. Kf2 Kf4 49. Rc3
e4 50. h3 a6 51. bxa6 bxa6 52. h4 Rxa5 {[#] Weiss muss nun ...Ta1 beachten.}
53. h5 Kg5 54. Ke3 Bxh5 55. c5 f4+ 56. Kxe4 f2 (56... f2 57. Rc1 Be2) 0-1

[Event "SK Landau-Dingolfing 1-SV Deggendorf 2"]
[Site "?"]
[Date "2025.02.16"]
[Round "7.5"]
[White "Grabmeier, Johannes"]
[Black "Huber, Florian"]
[Result "1/2-1/2"]
[WhiteElo "1877"]
[BlackElo "1846"]
[Annotator "Stockfish 17"]
[PlyCount "110"]
[EventDate "2025.??.??"]
[WhiteTeam "SV Deggendorf 2"]
[BlackTeam "SK Landau-Dingolfing 1"]

{[%evp 9,110,-28,-26,-28,-30,-28,-13,-23,3,-2,4,8,15,14,82,83,115,-51,38,-48,
181,171,184,191,221,69,84,-32,-16,-65,-76,-209,-204,-334,-322,-526,-536,-555,
-549,-533,-437,-409,-276,-210,-88,-180,-163,-164,-170,-172,-173,-158,-171,-197,
-204,-210,-201,-282,-208,-217,-219,-256,-205,-209,-190,-220,-141,-189,-94,-105,
-66,-106,-87,-240,-101,-105,-110,-118,-84,-87,0,0,0,0,0,0,0,0,0,0,0,0,0,0,0,0,
0,0,4,4,5,0,0]} 1. b3 d5 2. e3 Nf6 3. Bb2 c6 (3... Bg4 4. f3 Bf5 5. f4 c6 6.
Nf3 e6 7. Be2 Bd6 8. O-O O-O {Gelashvili,T 2325 -Grund,H 2335 EU-chJM U18
Zagan 1995}) 4. f4 Bf5 5. Nf3 Nbd7 6. g3 (6. Be2 h6 7. O-O e6 8. d3 Bc5 9. Qc1
g5 10. Nd4 Qe7 11. Nd2 gxf4 12. exf4 O-O-O {Murey,J-Lamoureux,C Clichy 1998})
6... e6 7. Bg2 Be7 8. O-O h5 9. d3 Qb6 10. Qe2 Bc5 11. Re1 O-O-O $6 (11... Ng4
$11) 12. Nbd2 $16 Rhg8 13. h3 $6 ({Günstiger ist} 13. a3 $16) 13... Nh7 (13...
h4 $15) 14. Kh2 (14. Rab1 $14) 14... f6 $2 (14... g5 $1 $15 {behält die
Oberhand.}) 15. Nh4 (15. Nd4 {ist auch sehr gut}) 15... g5 16. Nxf5 {Droht Sh6
und aus.} exf5 17. Qxh5 (17. d4 $142 $1 $18 Bd6 (17... Be7 18. Qxh5) 18. c4 (
18. Qxh5 Rg7 $16)) 17... Bxe3 $14 18. Qxh7 {führt zu keinem Vorteil} (18. Nf1
$1 $16 {[%cal Rf1e3]} Bf2 19. Re7 (19. Qxh7 Bxe1 20. Rxe1 gxf4 $11)) 18... Bxd2
$15 19. Re2 ({Viel schwächer wäre} 19. Qxf5 Bxe1 20. Rxe1 Qf2 $17) 19... gxf4
20. Rxd2 $2 (20. Rf1 $17) 20... Qe3 $1 $19 {[%cal Re3d2]} 21. Rad1 (21. Bc3
$142 Qxg3+ 22. Kg1 (22. Kh1 $2 f3 $19)) 21... Qxg3+ 22. Kh1 (22. Kg1 f3 {
[%mdl 64] Fesselung} 23. Rf2) 22... f3 23. Qxf5 fxg2+ 24. Kg1 Rde8 (24... Rg5
$1 $19 {gewinnt schnell}) 25. Rf2 Qe3 {( -> ...De1+!)} 26. Bc3 {[#]} Rg5 (26...
Qc5 $1 $19 {bietet bessere Gewinnchancen.} 27. Ba1 Rg3) 27. Bd2 (27. Qf3 d4 28.
Qxe3 dxe3 29. Rxg2 $17 {läßt noch hoffen}) 27... Qxd2 $1 $40 {[%mdl 128]
Schwarz riecht Blut.} ({Auf keinen Fall} 27... Rxf5 28. Bxe3 Rh5 29. Bf4 $17)
28. Qxd7+ Kxd7 29. Rfxd2 Rh8 30. Rxg2 Rxh3 31. Rxg5 fxg5 {[%mdl 4096] Endspiel
KT-KT} 32. Kg2 Re3 33. Rd2 (33. Kf2 $142 Rh3 34. Kg2) 33... d4 34. Rf2 Ke6 35.
Kf1 Rh3 36. Kg2 {[#]} Re3 37. Kf1 b5 38. a3 c5 (38... Re5 $19 39. Kg2 c5) 39.
Rf8 $17 c4 40. bxc4 bxc4 41. Re8+ $2 (41. dxc4 $17 {war die einzige
Verteidigung.} Rxa3 42. Rd8 {ist dem Remis sehr nahe. Ein Beispiel zum Üben 
[#]} Ke5 43. Rd5+ Kf4 44. Ke2 d3+ 45. cxd3 Ra2+ 46. Ke1 g4 47. c5 g3 48. Kf1
Rc2 49. d4 Rc1+ 50. Kg2 Rc2+ 51. Kf1 Rc1+ 52. Kg2 $11) 41... Kd5 (41... Kf5 $19
{und Schwarz behält klar die Oberhand.} 42. Rf8+ Ke5 43. dxc4 Rxa3 44. Re8+
Kf4 45. Rf8+ Ke4 46. Re8+ Kf4) 42. dxc4+ Kxc4 43. Rc8+ Kd5 44. Rg8 Rxa3 ({
Lieber} 44... Rg3 $17 {Droht stark ...a5.} 45. a4 Kc4) 45. Rxg5+ $11 {Die
Stellung ist ausgeglichen.} Kc4 {Weiss muss nun ...Kc3 beachten.} 46. Ke2 a5
47. Kd2 Ra1 48. Rg8 a4 49. Rc8+ Kd5 50. Rd8+ Kc5 51. Rc8+ Kb6 52. Rb8+ Ka7 53.
Rd8 a3 54. Rxd4 Kb6 55. Kc3 Kb5 1/2-1/2

[Event "SK Landau-Dingolfing 1-SV Deggendorf 2"]
[Site "?"]
[Date "2025.02.16"]
[Round "7.6"]
[White "Fuchsgruber, Helmut"]
[Black "Bauer, Bernd"]
[Result "1-0"]
[WhiteElo "1804"]
[BlackElo "1903"]
[Annotator "Stockfish 17"]
[PlyCount "77"]
[EventDate "2025.??.??"]
[WhiteTeam "SK Landau-Dingolfing 1"]
[BlackTeam "SV Deggendorf 2"]

{[%evp 13,77,0,4,-2,-4,0,5,-7,-6,-4,1,-9,-5,-2,64,65,59,-19,93,45,43,-43,58,49,
134,139,129,150,137,141,139,167,157,143,154,104,106,109,122,116,124,124,137,
135,168,154,157,126,222,188,392,384,362,352,376,368,379,378,368,364,363,342,
425,422,29992,29993]} 1. d4 d5 2. Nf3 c5 3. c3 Nc6 4. Bf4 e6 5. Nbd2 Nf6 6. e3
Bd6 7. dxc5 (7. Bg3 O-O 8. Bd3 b6 9. Qe2 Qc7 10. O-O Bxg3 11. hxg3 e5 {
Ljubojevic,L-Lautier,J Amder blindfold Monte Carlo 1997}) 7... Bxc5 8. Bb5 O-O
9. O-O Bd6 10. Bg5 h6 11. Bh4 a6 12. Ba4 b5 13. Bc2 e5 14. e4 Be7 15. Qe2 Bg4
$6 (15... d4 $1 $11 {hält das Gleichgewicht.}) 16. Rfd1 d4 17. Nb3 Qb6 18.
cxd4 $14 exd4 $2 (18... Bxf3 $14 19. Qxf3 exd4) 19. e5 $16 Bxf3 20. gxf3 Nh5
21. Qe4 {[%csl Gc2][%cal Re4h7]} g6 {Weiss sollte ...Lxh4 verhindern.} 22. Bxe7
Nxe7 23. Nxd4 Rad8 24. f4 (24. Rac1 $1) 24... Ng7 25. Qe3 Ne6 {[%cal Rd8d4] [#]
} 26. Nf5 {[%mdl 512]} Qc7 (26... gxf5 27. Qxb6 $18) 27. Nxe7+ Qxe7 28. f5 $36
{[%mdl 2048] Schwarz steht unter starkem Druck.} Qg5+ 29. Qxg5 Nxg5 30. fxg6 (
30. Kg2 $1) 30... fxg6 (30... Nf3+ $16 31. Kg2 Nxe5) 31. Kg2 $18 ({Schwächer
ist} 31. Bxg6 Nh3+ 32. Kf1 Rxf2+ 33. Ke1 Rdf8 $15) 31... Kg7 $2 (31... Rde8 {
war angesagt.}) 32. Rxd8 Rxd8 33. Rd1 Rxd1 34. Bxd1 {KL-KS} Ne6 35. Kf3 g5 36.
Ke4 Nf4 37. Kf5 Nd3 38. e6 {Droht stark Lh5.} Nxb2 {[#]} (38... Nf4 $18 39. Ke5
Ng6+ 40. Kd6 Kf6) 39. Bh5 $1 1-0

[Event "SK Landau-Dingolfing 1-SV Deggendorf 2"]
[Site "?"]
[Date "2025.02.16"]
[Round "7.7"]
[White "Bacholke, Michael"]
[Black "Zinner, Bernhard"]
[Result "1-0"]
[WhiteElo "1870"]
[BlackElo "1767"]
[Annotator "Stockfish 17"]
[PlyCount "63"]
[EventDate "2025.??.??"]
[WhiteTeam "SV Deggendorf 2"]
[BlackTeam "SK Landau-Dingolfing 1"]

{[%evp 9,63,85,94,96,95,81,81,77,78,81,77,77,76,76,81,75,80,54,106,109,111,82,
110,109,134,126,173,176,223,229,346,338,441,199,181,157,152,157,132,136,368,
316,466,423,428,419,557,562,1075,614,559,436,410,396,479,479]} 1. e4 d5 2. exd5
Qxd5 3. Nf3 (3. Nc3 {dagegen ist nichts einzuwenden}) 3... Nf6 (3... Bg4 $142
4. Be2 Nc6 5. O-O O-O-O $11) 4. d4 Bf5 5. c4 Qd8 6. Nc3 $16 e6 7. Bd3 Bxd3 8.
Qxd3 Bb4 9. O-O O-O 10. a3 Bxc3 11. Qxc3 h6 12. Re1 Nc6 {[%cal Bb8c6,Bc6e7,
Be7f5,Bf5d6,Bd6e4][%mdl 32]} 13. b4 {[%cal Bb2b4,Bb4b5][%mdl 32]} a5 $6 (13...
Ne7 $14) 14. b5 Ne7 15. Ne5 Nf5 16. Bb2 a4 $6 17. Rad1 Nd6 $6 18. h3 {mit +1.
75 steht Weiß viel besser} Qc8 19. d5 $1 Rd8 $2 (19... Nde4 {war nötig.} 20.
Qd4 exd5) 20. dxe6 (20. Ng4 Nde8 21. Nxf6+ Nxf6 22. Qg3 Ne8 23. Rd4 $18 {
und Schwarz bricht bald zusammen}) 20... Qxe6 {[#]} 21. Ng4 (21. Nc6 $142 $1 {
[%mdl 512]} Qxc4 {[#]} (21... bxc6 22. Rxe6) 22. Rxd6 $1 {[%mdl 512]} (22. Nxd8
Qxc3 23. Bxc3 $18 {gewinnt klar}) 22... Qxc3 23. Rxd8+ Rxd8 24. Ne7+ (24. Bxc3
bxc6 25. Bxf6 gxf6 $14) 24... Kh7 25. Bxc3) 21... Nde4 $18 {zielt auf ...Txd1
ab.} 22. Rxd8+ (22. Nxf6+ gxf6 23. Qe3 $18) 22... Rxd8 23. Nxf6+ gxf6 24. Qe3
$36 {[%mdl 2048] Weiss bestimmt, wo es lang geht.} f5 $2 (24... Ng5 $16) 25. f3
Rd2 (25... Nd2 $142) 26. Bc1 ({Nicht} 26. fxe4 Rxb2 27. exf5 Qxe3+ 28. Rxe3 Rc2
$11) 26... Rc2 {Weiss muss nun ...Dg6 beachten.} 27. fxe4 Rxc4 28. exf5 Qxf5
29. Qxh6 {[%cal Re1e8]} (29. Qe8+ Kg7 30. Bb2+ Kh7 31. Qh8+ Kg6 32. Qg7+ Kh5
33. Bf6 {#5}) 29... Qxb5 30. Qg5+ Qxg5 31. Bxg5 Rc2 32. Rc1 1-0

[Event "SK Landau-Dingolfing 1-SV Deggendorf 2"]
[Site "?"]
[Date "2025.02.16"]
[Round "7.8"]
[White "Senff, Rudolf"]
[Black "Krauss, Andreas"]
[Result "1/2-1/2"]
[WhiteElo "1693"]
[BlackElo "1848"]
[Annotator "Stockfish 17"]
[PlyCount "97"]
[EventDate "2025.??.??"]
[WhiteTeam "SK Landau-Dingolfing 1"]
[BlackTeam "SV Deggendorf 2"]

{[%evp 11,97,16,17,-1,22,24,26,25,28,26,58,55,55,55,83,1,56,23,27,29,16,-2,2,2,
8,-15,39,33,94,19,20,20,32,11,18,-117,-110,-124,-143,-137,-85,-96,-112,-140,
-30,-18,90,0,0,-3,25,-144,0,1,5,0,0,0,0,0,0,0,184,225,238,81,59,-374,90,97,546,
533,535,501,593,571,827,766,788,863,835,724,820,803,783,568,763,710]} 1. c4 e5
2. Nf3 Nc6 3. g3 g6 4. Bg2 Bg7 5. Nc3 d6 6. d3 Nge7 7. Bg5 O-O 8. Qd2 Be6 9. h4
f6 10. Bh6 Nf5 11. Bxg7 Nxg7 12. O-O-O Qd7 13. Ng1 Nd8 14. Kb1 c6 15. e4 a5 16.
Rf1 b5 17. cxb5 cxb5 18. Nd5 Ra7 (18... Nc6 19. Nb6 Qf7 20. Nxa8 Bxa2+ $19 {
geht natürlich nicht}) 19. f4 Nh5 20. Qe3 (20. Ne2 $16) 20... Nc6 $11 21. f5
Bxd5 22. exd5 Ne7 {[%cal Re7f5]} 23. g4 $6 (23. fxg6 $11 {war der einzige Weg,
das Gleichgewicht zu halten.} Nf5 24. gxh7+ (24. Rxf5 Qxf5 25. Ne2 Qxg6 $11)
24... Kh8 25. Rxf5 $1 Qxf5 26. Ne2) 23... Nf4 $17 {[%mdl 64] Doppelangriff} 24.
Be4 gxf5 25. gxf5 Kh8 (25... Nexd5 {ging}) 26. Rxf4 exf4 27. Qxf4 Ng8 $6 (27...
a4 $17 28. Ne2 a3) 28. Nf3 Qe7 (28... a4 $11 {hält das Gleichgewicht.}) 29.
Rc1 ({Besser ist} 29. Nd4 $16) 29... Rc7 $11 30. Rc6 Rfc8 31. Qc1 $2 (31. Nd4
$11) 31... Qd8 (31... Rxc6 $1 $17 32. dxc6 d5 33. Bxd5 Qd6) 32. Nd4 Ne7 33. Ne6
(33. Nxb5 $2 Nxc6 34. Nxc7 (34. dxc6 $2 d5 $19) 34... Ne5 $19) 33... Rxc6 $1
34. dxc6 $40 {[%mdl 128] Schwarz muss sich nun genau verteidigen.} Qg8 {
Und weiter mit ...d5 wäre nett.} 35. Qc3 Qg1+ 36. Kc2 Qh2+ $2 (36... Kg8 $11 {
und Schwarz steht sicher.} 37. c7 (37. Qxf6 Nxc6 38. Qg5+ Qxg5 $17) 37... Nxf5
$1 {[%mdl 64] Hinlenkung}) 37. Kb3 $18 a4+ 38. Kb4 $2 (38. Ka3 $1 $18 {und der
Rest ist Schweigen.} Qe5 39. Qxe5 dxe5 40. c7) 38... Qxh4 $16 39. Nd4 $4 {
[%mdl 8192]} (39. Kxb5 $14 {behält die Oberhand.} d5 40. c7 dxe4 41. dxe4)
39... Qh2 $2 ({Lieber} 39... d5 $19 40. Qc5 {[#]} Qf2 $1 41. Bxd5 Ra8 $1 42.
Nxb5 Qxb2+ 43. Bb3 axb3 44. axb3 Qd2+ 45. Kc4 Qf4+ 46. Qd4 Qxf5 {schüttelt
Stockfish einfach so aus dem Ärmel}) 40. Nxb5 d5 $2 {[%mdl 8192]} (40... Kg7
$16 {ist zäher.} 41. c7 d5) 41. Qxf6+ $18 {[%mdl 64] Doppelangriff. Weiß
steht klar auf Gewinn.} Kg8 {[#]} 42. Ka3 $1 (42. Qxe7 dxe4 43. Qe6+ $18 {
gewinnt auch}) 42... dxe4 (42... Qc2 43. Qxe7) 43. Qxe7 {[%mdl 4096] Endspiel
KDT-KDS} Qh6 44. Nd6 {[%mdl 64] Doppelangriff} exd3 45. Qf7+ Kh8 46. Nxc8 {
und warum gewinnt der Weiße das nicht??} d2 47. Qe8+ Kg7 48. Qe7+ (48. Qd7+
Kf8 49. Qd8+ Kg7 50. Qd4+ Kg8 51. Nd6 {war ein leichter Gewinn}) 48... Kh8 49.
Qe8+ {[%mdl 32768]} 1/2-1/2

[Event "SK Freising 1-SV Roehrnbach 1"]
[Site "?"]
[Date "2025.02.23"]
[Round "7.1"]
[White "Fuchs, Florian"]
[Black "Trapp, Maximilian"]
[Result "1/2-1/2"]
[WhiteElo "2121"]
[BlackElo "2190"]
[Annotator "Stockfish 17"]
[PlyCount "88"]
[EventDate "2025.??.??"]
[WhiteTeam "SV Röhrnbach 1"]
[BlackTeam "SK Freising 1"]

{[%evp 12,88,124,121,135,131,137,130,154,147,152,155,148,155,150,165,233,227,
229,218,225,202,182,194,170,193,236,224,218,234,231,163,268,204,241,173,166,
147,125,29,30,47,57,58,65,0,0,0,0,0,0,-12,35,-6,-4,-4,-9,-8,-6,-8,-9,-20,-5,
-18,-2,-11,0,-5,-1,0,0,0,0,0,0,0,-1,-23,-19]} 1. e4 d5 2. exd5 Nf6 3. d4 Nxd5
4. c4 Nb6 5. Nf3 Bg4 $6 {wird auch oft gespielt, ist aber lt. Stockfish
deutlich schlechter +1.24} (5... g6 6. Nc3 Bg7 7. h3 O-O 8. Be3 $14) 6. c5 N6d7
7. Be2 $1 e6 8. Qb3 Qc8 (8... b6 9. Be3 Be7 10. Nbd2 O-O 11. O-O Nf6 12. Rfc1 {
Shamkovich,L-Rogoff,K USA-ch Pasadena 1978}) 9. h3 Bh5 $16 10. Nc3 Be7 11. g4
$1 Bg6 12. Be3 Nc6 13. O-O-O h6 $2 (13... a5 $142) 14. h4 $1 $18 {+2.65 Weiß
steht viel besser} h5 15. gxh5 (15. Rhg1 $1) 15... Bxh5 16. Rhg1 (16. d5 exd5
17. Nxd5 $18 {ist auch sehr gut}) 16... Kf8 17. d5 $1 exd5 18. Nxd5 Bd8 19. Nf4
{Schwarz muss nun Sg5 beachten.} (19. Bg5 $1 Nf6 20. Nf4 {+3.15 war genauer})
19... Bxf3 20. Bxf3 Nde5 21. Be4 (21. Bd5 $1 $18) 21... Bf6 (21... Bxh4 {
war nötig.} 22. Rh1 g5) 22. Nd5 Ng4 23. Nxf6 (23. Bf4 $1 Rxh4 24. Bg3 $18)
23... Nxf6 24. Bf3 {Droht Lg5 und aus.} Rxh4 25. Rh1 $2 {ein starkes Nachlassen
} ({Lieber} 25. Bg5 $16 Rh3 26. Bxf6 gxf6 27. Rde1) 25... Rxh1 $11 {der
Vorteil ist dahin} 26. Rxh1 Rb8 27. Rh8+ Ng8 28. Qd3 ({Besser ist} 28. a3 $14)
28... Qe6 29. Bd5 Rd8 30. Bxe6 {[#] Droht Matt per Df5.} Rxd3 31. Bf5 Rd5 32.
Be4 (32. Bh7 {ist vielschichtiger.} Nce7 33. Be4 Re5 34. Bxb7 Nf5 35. Bd2)
32... Re5 33. Bxc6 bxc6 {[%mdl 4096] Endspiel KTL-KTS} 34. Rh4 Nf6 35. Ra4 Nd5
36. Bd4 Re6 37. Kd2 f5 38. Rxa7 g5 39. Ra8+ Kf7 40. a4 Re4 41. Bc3 Rf4 42. Ke2
Nxc3+ 43. bxc3 Rc4 44. Rc8 Rxc5 1/2-1/2

[Event "SK Freising 1-SV Roehrnbach 1"]
[Site "?"]
[Date "2025.02.23"]
[Round "7.2"]
[White "Brand, Leonhard"]
[Black "Knechtel, Roland"]
[Result "0-1"]
[WhiteElo "2052"]
[BlackElo "2146"]
[Annotator "Stockfish 17"]
[PlyCount "55"]
[EventDate "2025.??.??"]
[WhiteTeam "SK Freising 1"]
[BlackTeam "SV Röhrnbach 1"]

{[%evp 9,55,23,37,19,24,0,0,0,76,0,0,-15,0,-3,129,-90,-83,-86,-88,-94,192,-171,
-149,-200,-194,-316,-311,-413,-414,-408,-390,-539,-539,-806,-795,-960,-797,
-29998,-29998,-29998,-794,-794,-798,-800,-792,-829,-825,-906]} 1. e4 c6 2. Nc3
d5 3. Nf3 Bg4 4. Be2 e6 5. d4 Nf6 6. e5 Nfd7 7. Ng5 Bf5 8. Bg4 {Lxf5 ist eine
echte Drohung.Die Stellung ist ausgeglichen.} Bg6 9. Bxe6 (9. Ne2 $16) 9...
fxe6 $11 10. Nxe6 Qc8 11. Qg4 Bf7 $2 (11... Na6 $11 {hält das Gleichgewicht.}
12. f4 Nc7 13. Nxc7+ Qxc7) 12. Nxg7+ $2 (12. Nf4 $16) 12... Bxg7 $17 13. Qxg7
Rg8 14. Qxh7 {[#]} Rxg2 $2 {[%mdl 8192]} (14... Nf8 $1 $17 {[%cal Rf8h7] hält
den Druck.} 15. Qd3 Rxg2) 15. h4 $4 {[%mdl 8192]} (15. Qh3 $18 {vermeidet das
Desaster.} Rg8 16. e6 {[%mdl 64] Doppelangriff}) 15... Nf8 $36 {[%mdl 2048]
Weiss muss aufpassen.} 16. Qh6 Qf5 17. Rf1 $2 (17. Be3 Ne6 18. O-O-O Nd7 $19 {
reicht auch nicht}) 17... Qxc2 18. Qd6 Nbd7 $19 19. Bd2 Ne6 20. Qb4 Qd3 21. Ne2
Bh5 {[%csl Gh5][%cal Rd3e2] [#]} 22. Nc1 Nxd4 {[%cal Rd4c2]} (22... Qe4+ 23.
Be3 Nxe5 $19 {gewinnt klar}) 23. f3 Nc2+ 24. Kd1 Nxb4 (24... Ne3+ $142 25. Ke1
Qxf1# {ging am schnellsten}) 25. Nxd3 {Schwarz steht klar auf Gewinn.} Nxd3 26.
Kc2 N3xe5 27. Rae1 O-O-O 28. f4 0-1

[Event "SK Freising 1-SV Roehrnbach 1"]
[Site "?"]
[Date "2025.02.23"]
[Round "7.3"]
[White "Neuwerth, Chulian"]
[Black "Belz, Frank-Martin"]
[Result "1/2-1/2"]
[WhiteElo "1995"]
[BlackElo "2040"]
[Annotator "Stockfish 17"]
[PlyCount "53"]
[EventDate "2025.??.??"]
[WhiteTeam "SV Röhrnbach 1"]
[BlackTeam "SK Freising 1"]

{[%evp 13,53,6,8,6,4,6,18,-2,15,-2,57,48,37,-10,17,6,31,0,22,-33,-56,-84,-39,
-47,-44,-51,-51,-123,-118,-128,-117,-132,-140,-130,-131,-134,-16,-16,0,-1,0,3]
} 1. c4 c6 2. e4 d5 3. exd5 cxd5 4. d4 Nf6 5. Nc3 Nc6 6. Nf3 a6 7. cxd5 Nxd5 8.
Bc4 Be6 9. Bb3 Na5 10. Ng5 Nxc3 11. bxc3 {[%cal Bb2c3,Bc3c4][%mdl 32]} Bd5 12.
Bxd5 Qxd5 13. Qa4+ Nc6 14. O-O e6 15. c4 Qxd4 16. Be3 {[#]} (16. Rb1 $5 {
[%cal Rb1b7]} Qd7 17. Rd1 $11) 16... b5 $1 17. Nf3 $6 (17. Qc2 Qxc4) 17... bxa4
({Viel schlechter ist} 17... Qxa1 18. cxb5 Qb2 19. bxc6 $11) (17... Qxc4 {
hält die Spannung aufrecht.} 18. Qxc4 bxc4 19. Rfc1 Nb4 20. Rxc4 Be7) 18. Nxd4
Nxd4 19. Bxd4 O-O-O 20. Be3 $6 (20. Bb6) 20... Bb4 $1 $17 21. Rab1 {[#]} a5 22.
a3 Bxa3 23. Rb5 Bb4 24. Bb6 {[#]} Rd3 $6 ({Günstiger ist} 24... Kd7 $1 $17 {
Und weiter mit ...Tb8 wäre nett.} 25. Rd1+ Ke7 26. Bxd8+ Rxd8 27. Ra1 Bc3 28.
Rb7+ Ke8 29. Rf1 a3 $19 {und der Bauer läuft}) 25. Bxa5 $11 {Die Stellung ist
ausgeglichen.} Bxa5 26. Rxa5 {Droht stark Ta8+.} Rhd8 27. Rxa4 1/2-1/2

[Event "SK Freising 1-SV Roehrnbach 1"]
[Site "?"]
[Date "2025.02.23"]
[Round "7.4"]
[White "Zill, Christoph"]
[Black "Hittinger, Christian"]
[Result "1/2-1/2"]
[WhiteElo "2078"]
[BlackElo "1960"]
[Annotator "Stockfish 17"]
[PlyCount "136"]
[EventDate "2025.??.??"]
[WhiteTeam "SK Freising 1"]
[BlackTeam "SV Röhrnbach 1"]

{[%evp 9,136,11,44,36,34,31,45,44,44,32,94,99,95,26,26,16,29,27,20,20,14,8,17,
19,13,6,174,183,204,120,157,146,145,157,162,175,184,189,179,178,164,166,216,
217,239,203,237,162,175,78,83,52,142,0,0,0,9,0,6,11,13,0,0,0,0,0,0,0,0,0,0,0,0,
0,0,0,0,0,290,299,284,276,274,264,209,135,120,21,21,7,6,0,4,0,0,0,0,0,0,0,0,0,
14,0,0,0,3,0,0,2,0,0,3,8,21,0,5,0,4,1,1,0,13,22,51,0,0,0,0]} 1. e4 c6 2. d4 d5
3. e5 c5 4. c3 Nc6 5. Be2 Nh6 6. a3 cxd4 7. cxd4 Nf5 8. Nf3 Qb6 {[%cal Rf5d4]}
9. Nc3 e6 (9... Nfxd4 $14 10. Nxd4 Qxd4) 10. Na4 $16 Qd8 11. Bg5 (11. h4 $142
$16) 11... f6 $11 12. exf6 gxf6 13. Bf4 Bd6 14. Bxd6 Qxd6 15. Qd2 e5 16. dxe5
fxe5 17. Nc3 Nfd4 $2 (17... Be6 $1 $11 {und Schwarz steht sicher.}) 18. Nxd4
$18 Nxd4 19. Nb5 (19. Bh5+ $1 $18 Kd8 20. Rd1 Rf8 21. Qg5+ $18) 19... Nxb5 $16
20. Bxb5+ Bd7 {[#]} 21. Bxd7+ Qxd7 22. Qg5 Qe7 23. Qh5+ Kd7 24. Rd1 Qe6 25. O-O
Kc6 26. Rfe1 Rae8 27. Rc1+ Kd6 28. g3 Re7 29. Qe2 (29. Qh4 $18 {und Weiss
behält klar die Oberhand. Droht Db4+ und aus.} e4 30. f3 (30. Qf4+ Qe5 $16))
29... Rc8 30. Qb5 {[#] Schwarz muss nun Db4+ beachten.} Rc6 (30... Rxc1 $14 31.
Rxc1 Rc7 32. Qb4+ Kd7 33. Qa4+ Kd8 34. Rxc7 Kxc7) 31. b4 (31. Qb4+ $16 Kc7 32.
Qa5+ {[%mdl 64] Doppelangriff} Kd6 33. Qxa7) 31... Rxc1 $1 $11 32. Rxc1 {
Weiss droht Dc5+ und Matt.} Rc7 33. Rxc7 Kxc7 {[%mdl 4096] Endspiel KD-KD} 34.
Qa5+ Kd7 35. Qxa7 Qc6 36. Qe3 d4 $1 {[%cal Rd4e3]} 37. Qxe5 Qc1+ 38. Kg2 Qc6+
39. Kg1 Qc1+ 40. Kg2 Qc6+ 41. Kf1 Qc1+ 42. Ke2 Qc2+ $1 43. Kf3 Qc3+ $4 {
[%mdl 8192]} (43... d3 $1 $11 {und Schwarz muss sich keine Sorgen machen.}) 44.
Ke4 $18 Qc2+ 45. Kxd4 Qxf2+ 46. Kc4 Qxh2 47. Kb5 Qh6 {( -> ...Dc6+)} 48. Qd5+ (
{Günstiger ist} 48. Kc5 $16) 48... Kc8 $11 49. Ka4 (49. Qf3 {mit weiteren
Verwicklungen.} Qd6 50. g4 Kb8 51. Kc4 h6 52. Qf5) 49... Qg6 50. Qd4 Kb8 51.
Qc3 Qa6+ 52. Kb3 Qe6+ 53. Kc2 Qe2+ 54. Qd2 Qc4+ 55. Kb2 Qc6 56. Qd8+ Ka7 $1 57.
Qa5+ Kb8 $1 58. Qe5+ Ka8 $1 59. b5 Qg2+ 60. Kb3 Qf3+ 61. Kb4 Qf8+ 62. Qc5 Qd8
63. Qe3 Qf8+ 64. Ka4 Qd8 65. b6 Qd7+ 66. Kb4 Qd6+ 67. Qc5 Qxg3 68. Qc8+ Qb8
1/2-1/2